| 000 | 00689nam a22002177a 4500 | ||
|---|---|---|---|
| 003 | OSt | ||
| 005 | 20250709020309.0 | ||
| 008 | 250709b |||||||| |||| 00| 0 eng d | ||
| 020 | _a9789351157878 | ||
| 040 |
_aDWCL - Main lib _cOC |
||
| 082 | _aCirc. 641.815 B828 2016 | ||
| 100 | _a3G ELearning FZ LLC | ||
| 245 |
_aBread and pastry production : _bintermediate/ _c3G ELearning FZ LLC |
||
| 260 |
_aUAE : _b3G ELearning FZ LLC _cc2016. |
||
| 300 |
_avi, 327 pages : _b illustrations (chiefly color) ; _c30cm. -- + 1 CD-ROM (4 3/4 in.) |
||
| 504 | _aIncludes index. | ||
| 650 | _a1. Bread. | ||
| 650 | _a2. Cookery (Bread). | ||
| 650 | _a3. Pastry. | ||
| 942 |
_2ddc _cBK-CIRC _kCirc. _n0 |
||
| 999 |
_c3511 _d3511 |
||